00407nam a2200157Ia 45000010006000000050017000060080041000230410008000640820014000721000045000862450061001312600009001923000032002016500008002336540008002411403120260306164844.0260306t2011||||xx |||||||||||||| ||spa|| aESP a006bA177 aAssociation for Computing MachineryeAUT 0aEuroSys´11:bproceedings of the EuroSys 2011 conference c2011 aix, 357 páginas :c28 cm. aGEN aCCC